|
|
|
|
| LEADER |
00872nam a2200241 4500 |
| 001 |
c000345034 |
| 003 |
CARM |
| 005 |
00000000000000.0 |
| 008 |
851003s1972 gw 00000 ger d |
| 019 |
1 |
|
|a 3975433
|z 64943192
|5 LACONCORD2021
|
| 020 |
|
|
|a 3416008421
|
| 035 |
|
|
|a (OCoLC)576870
|5 LACONCORD2021
|
| 040 |
|
|
|d NU
|
| 100 |
1 |
|
|a Fischer, Heinz.
|
| 245 |
1 |
0 |
|a Georg Büchner :
|b Untersuchungen und Marginalien /
|c von Heinz Fischer.
|
| 260 |
|
|
|a Bonn :
|b Bouvier,
|c 1972.
|
| 300 |
|
|
|a 104 p.
|
| 490 |
0 |
|
|a Studien zur Germanistik, Anglistik und Komparatistik ;
|v Bd.14
|
| 600 |
1 |
0 |
|a Büchner, Georg,
|d 1813-1837.
|
| 852 |
8 |
|
|b CARM
|h A2:AI37H0
|i C08945
|p 0346537
|f BK
|
| 082 |
0 |
4 |
|a 832.7
|
| 999 |
f |
f |
|i 0f92dcfb-a37e-5670-8133-7d2d74f3b084
|s a31183d1-b7bb-5737-a3bf-3494552637c7
|
| 952 |
f |
f |
|p Can circulate
|a CAVAL
|b CAVAL
|c CAVAL
|d CARM 1 Store
|e C08945
|f A2:AI37H0
|h Other scheme
|i book
|m 0346537
|